banner koha

Governança da Internet: Aspectos da formação de um regime global de oportunidades para a ação diplomática / (Registro n. 7818)

MARC details
000 -LÍDER
campo de controle de tamanho fixo 01792nam a2200241 a 4500
001 - NÚMERO DE CONTROLE
campo de controle BS0002760
003 - IDENTIFICADOR DO NÚMERO DE CONTROLE
campo de controle BR-BrBNA
005 - DATA E HORÁRIO DA ÚLTIMA TRANSAÇÃO
campo de controle 20230418192124.0
008 - CAMPO DE DADOS FIXOS--INFORMAÇÃO GERAL
campo de controle de tamanho fixo 230308b |||||||| |||| 00| 0 por d
040 ## - FONTE DA CATALOGAÇÃO
Instituição da catalogação original BR-BrBNA
Idioma da catalogação por
Instituição que transcreveu o registro Biblioteca Nacional de Agricultura
041 ## - CÓDIGO DE IDIOMA
Código do idioma do texto/trilha sonora ou título diferente por
072 ## - CÓDIGO DE CATEGORIA DE ASSUNTO
Código de Categoria de Assunto C13
090 ## - NÚMERO DE CHAMADA LOCAL
Número de chamada C13 BS0002760
100 1# - ENTRADA PRINCIPAL--NOME PESSOAL
Nome pessoal Lucero, Everton.
245 1# - TÍTULO
Título Governança da Internet: Aspectos da formação de um regime global de oportunidades para a ação diplomática /
260 3# - PUBLICAÇÃO, DISTRIBUIÇÃO, ETC.
Local de publicação, distribuição, etc. Brasília, DF:
Nome do editor, distribuidor, etc. Fundação Alexandre Gusmão,
Data da publicação, distribuição, etc. 2011.
300 ## - DESCRIÇÃO FÍSICA
Extensão 236 p.
520 3# - NOTA DE RESUMO, ETC
Resumo, etc. A Internet tem produzido efeitos consideráveis no tecido social, na atividade econômica, na produção e difusão cultural e na organização política das sociedades contemporâneas. Em poucos anos possibilitou o surgimento de novas modalidades de comunicação. Reduziu barreiras socioculturais, eliminou distâncias e ofereceu novas formas e meios de expressão individual e coletiva. Para a diplomacia, a governança da Internei apresenta o desafio de ampliar as possibilidades de ação no plano externo. Trata-se de um novo e desconhecido território, que precisa ser descrito, compreendido e integrado à perspectiva da política externa. Tal é o objetivo desta obra, que visa a apresentar do ponto de vista das relações internacionais, o fenômeno tecnológico da Internet, o modo como a tecnologia evoluiu nas últimas décadas. O processo histórico que originou regime global para a sua governança e a respectiva pauta temática substantiva, com ênfase no papel que cabe à diplomacia desempenhar na conformação desse novo e instigante regime global.
650 ## - ASSUNTO--TERMO TÓPICO
Cabeçalho tópico ou nome geográfico INFORMÁTICA
650 ## - ASSUNTO--TERMO TÓPICO
Cabeçalho tópico ou nome geográfico TECNOLOGIA DA INFORMAÇÃO
909 ## -
-- 202304
-- Sergio Santos
-- 56
-- Sergio Santos
942 ## - ELEMENTOS DE ENTRADA ADICIONADOS (KOHA)
Tipo de material Koha Livros
Exemplares
Situação do descarte Fonte da classificação ou esquema de arquivamento na estante Situação física Não pode ser emprestado Coleção Biblioteca de origem Biblioteca atual Total de empréstimos Número de telefone completo Código de barras Data de último acesso Número do exemplar Tipo de material Koha Situação das perdas Data de aquisição Fonte de aquisição Qualificador de local codificado
  Classificação AGRIS     Acervo Cultural Biblioteca Nacional de Agricultura - Binagri Biblioteca Nacional de Agricultura - Binagri   C13 BS0002760 C13 BS0002760 12/04/2023 01 Livros   2023-04-04 Doação C13

BINAGRI

Telefone: (61)3218-2567/2388/3357/2097 - binagri@agro.gov.br

Ministério da Agricultura e Pecuária , Esplanada dos Ministérios, Bloco D, Anexo B, Brasília/DF, CEP: 70.043-900